Loading...
| History - American History | 0 | 9 | 0 | 0 | 90 | 66 | 102.44 | 1 | 4 |
| Current Events | 0 | 7 | 0 | 1 | 70 | 56 | 89.86 | 1 | 3 |
| History - World History | 0 | 7 | 0 | 1 | 70 | 94 | 116.86 | 1 | 1 |
| History - European History | 0 | 8 | 2 | 2 | 70 | 57 | 98.38 | 1 | 3 |
| History - Other History | 0 | 8 | 3 | 1 | 65 | 64 | 104.50 | 1 | 1 |
| Social Science | 0 | 7 | 2 | 0 | 60 | 73 | 93.00 | 1 | 5 |
| Other Academic | 0 | 4 | 0 | 0 | 40 | 80 | 96.00 | 0 | 0 |
| Religion | 0 | 4 | 0 | 1 | 40 | 105 | 123.75 | 0 | 1 |
| Literature - British Literature | 0 | 3 | 0 | 0 | 30 | 84 | 93.00 | 0 | 0 |
| Science - Other Science | 0 | 3 | 0 | 2 | 30 | 58 | 109.33 | 1 | 1 |
| Science - Physics | 0 | 3 | 0 | 0 | 30 | 93 | 103.67 | 0 | 1 |
| Literature - World Literature | 0 | 3 | 1 | 0 | 25 | 106 | 111.00 | 1 | 2 |
| Literature - American Literature | 0 | 2 | 0 | 0 | 20 | 67 | 86.00 | 0 | 1 |
| Science - Biology | 0 | 2 | 0 | 0 | 20 | 49 | 68.50 | 0 | 1 |
| Fine Arts - Other Fine Arts | 0 | 2 | 0 | 1 | 20 | 139 | 144.50 | 0 | 0 |
| Philosophy | 0 | 1 | 1 | 0 | 5 | 128 | 128.00 | 0 | 0 |
| Mythology | 0 | 1 | 1 | 0 | 5 | 90 | 90.00 | 0 | 0 |
| Science - Chemistry | 0 | 1 | 1 | 0 | 5 | 134 | 134.00 | 0 | 0 |
| Geography | 0 | 0 | 1 | 0 | -5 | 0.00 | 0 | 0 | |
| Literature - European Literature | 0 | 0 | 1 | 0 | -5 | 0.00 | 0 | 0 |